<?xml version="1.0" encoding="UTF-8"?><?xml-stylesheet type="text/xsl" href="static/style.xsl"?><OAI-PMH xmlns="http://www.openarchives.org/OAI/2.0/" xmlns:xsi="http://www.w3.org/2001/XMLSchema-instance" xsi:schemaLocation="http://www.openarchives.org/OAI/2.0/ http://www.openarchives.org/OAI/2.0/OAI-PMH.xsd"><responseDate>2026-04-14T05:17:49Z</responseDate><request verb="GetRecord" identifier="oai:www.recercat.cat:20.500.12327/4853" metadataPrefix="marc">https://recercat.cat/oai/request</request><GetRecord><record><header><identifier>oai:recercat.cat:20.500.12327/4853</identifier><datestamp>2026-02-24T00:35:21Z</datestamp><setSpec>com_2072_4428</setSpec><setSpec>com_2072_4427</setSpec><setSpec>col_2072_487898</setSpec></header><metadata><record xmlns="http://www.loc.gov/MARC21/slim" xmlns:dcterms="http://purl.org/dc/terms/" xmlns:xsi="http://www.w3.org/2001/XMLSchema-instance" xmlns:doc="http://www.lyncode.com/xoai" xsi:schemaLocation="http://www.loc.gov/MARC21/slim http://www.loc.gov/standards/marcxml/schema/MARC21slim.xsd">
   <leader>00925njm 22002777a 4500</leader>
   <datafield ind2=" " ind1=" " tag="042">
      <subfield code="a">dc</subfield>
   </datafield>
   <datafield ind2=" " ind1=" " tag="720">
      <subfield code="a">LOPEZ, JOSE R.</subfield>
      <subfield code="e">author</subfield>
   </datafield>
   <datafield ind2=" " ind1=" " tag="720">
      <subfield code="a">Leonessi, Martina</subfield>
      <subfield code="e">author</subfield>
   </datafield>
   <datafield ind2=" " ind1=" " tag="720">
      <subfield code="a">Fernández-Tejedor, Margarita</subfield>
      <subfield code="e">author</subfield>
   </datafield>
   <datafield ind2=" " ind1=" " tag="720">
      <subfield code="a">Auguste, Manon</subfield>
      <subfield code="e">author</subfield>
   </datafield>
   <datafield ind2=" " ind1=" " tag="720">
      <subfield code="a">Doni, Lapo</subfield>
      <subfield code="e">author</subfield>
   </datafield>
   <datafield ind2=" " ind1=" " tag="720">
      <subfield code="a">Cruz-Quintana, Yanis</subfield>
      <subfield code="e">author</subfield>
   </datafield>
   <datafield ind2=" " ind1=" " tag="720">
      <subfield code="a">Bosi, Emanuele</subfield>
      <subfield code="e">author</subfield>
   </datafield>
   <datafield ind2=" " ind1=" " tag="720">
      <subfield code="a">Vezzulli, Luigi</subfield>
      <subfield code="e">author</subfield>
   </datafield>
   <datafield ind2=" " ind1=" " tag="720">
      <subfield code="a">Andree, Karl</subfield>
      <subfield code="e">author</subfield>
   </datafield>
   <datafield ind2=" " ind1=" " tag="720">
      <subfield code="a">Canesi, Laura</subfield>
      <subfield code="e">author</subfield>
   </datafield>
   <datafield ind2=" " ind1=" " tag="720">
      <subfield code="a">Furones Nozal, Maria Dolores</subfield>
      <subfield code="e">author</subfield>
   </datafield>
   <datafield ind2=" " ind1=" " tag="260">
      <subfield code="c">2025-07-11</subfield>
   </datafield>
   <datafield ind2=" " ind1=" " tag="520">
      <subfield code="a">In April 2022, mussels (Mytilus galloprovincialis) cultivated in the Ebro River delta (Spain) were affected by a mortality episode, involving 25 % of individuals, observed at a water temperature of 18 °C. Mussel samples from this site (3 M) were analysed for the presence of potentially pathogenic bacteria, in parallel with those obtained from an area where no mortality was reported (3 N). From all samples, a total of 113 bacterial isolates were obtained. When subjected to ERIC-PCR, the obtained band patterns showed a distinct profile in the 3 M samples, covering 13 % of the isolates. The genotypic and phenotypic characterization of three representative isolates of this profile (r167, r172, r190) allowed their identification as Vibrio ostreicida. In addition, the complete genome of isolate r172 was sequenced to identify functional features of interest. Histological examination revealed bacterial colonies and tissue damage compatible with bacterial toxicity in 3 M samples. From a preliminary assessment of the virulence of the r172 isolate by mussel challenge via injection (9 × 106 cfu/mussel), a mean mortality of 50 % was observed in infected animals at 5 days. Moreover, a specific PCR protocol was designed for V. ostreicida using the gyrB gene as a target, able to detect the pathogen from both pure cultures and from tissues. To our knowledge, this is the first evidence of the association of V. ostreicida with a mortality episode in cultured M. galloprovincialis. The PCR protocol developed will be useful for screening and diagnosis of this vibrio species in different matrices and to clarify its importance as shellfish possible pathogen.</subfield>
   </datafield>
   <datafield ind1="8" ind2=" " tag="024">
      <subfield code="a">Lopez, Jose R, Martina Leonessi, Margarita Fernandez-Tejedor, Manon Auguste, Lapo Doni, Yanis Cruz-Quintana, Emanuele Bosi, et al. “First Description of Vibrio Ostreicida as Putative Causal Agent of Disease in Mediterranean Mussel (Mytilus Galloprovincialis) and Development of a PCR Protocol for Its Rapid Diagnosis.” Journal of Invertebrate Pathology, 108399. https://doi.org/10.1016/j.jip.2025.108399.</subfield>
   </datafield>
   <datafield ind1="8" ind2=" " tag="024">
      <subfield code="a">0022-2011</subfield>
   </datafield>
   <datafield ind1="8" ind2=" " tag="024">
      <subfield code="a">http://hdl.handle.net/20.500.12327/4853</subfield>
   </datafield>
   <datafield ind1="8" ind2=" " tag="024">
      <subfield code="a">https://doi.org/10.1016/j.jip.2025.108399</subfield>
   </datafield>
   <datafield ind2="0" ind1="0" tag="245">
      <subfield code="a">First description of Vibrio ostreicida as putative causal agent of disease in Mediterranean mussel (Mytilus galloprovincialis) and development of a PCR protocol for its rapid diagnosis</subfield>
   </datafield>
</record></metadata></record></GetRecord></OAI-PMH>